Statistics for UEFA Futsal Championship Top 4 Positions

Click here to take the quiz!

General Stats

  • This quiz has been taken 101 times
  • The average score is 9 of 12

Answer Stats

Answer% Correct
Portugal
100%
Spain
100%
Russia
97%
Italy
93%
Netherlands
84%
Ukraine
81%
Belgium
79%
Croatia
78%
Serbia
78%
Czech Republic
55%
Kazakhstan
53%
Azerbaijan
29%

Score Distribution

Percentile by Number Answered

Percent of People with Each Score

Your Score History

You have not taken this quiz